Esperando a los bárbaros / (Registro nro. 4044)
[ vista simple ]
| 000 -LEADER | |
|---|---|
| fixed length control field | 01143nam a2200289Ia 4500 |
| 003 - CONTROL NUMBER IDENTIFIER | |
| control field | OSt |
| 005 - DATE AND TIME OF LATEST TRANSACTION | |
| control field | 20250411113513.0 |
| 008 - FIXED-LENGTH DATA ELEMENTS--GENERAL INFORMATION | |
| fixed length control field | 191128s2010 sp er 000 f spa d |
| 020 ## - INTERNATIONAL STANDARD BOOK NUMBER | |
| International Standard Book Number | 9788497593359 |
| 040 ## - CATALOGING SOURCE | |
| Original cataloging agency | CO-JMCR |
| Transcribing agency | CO-JMCR |
| 041 ## - LANGUAGE CODE | |
| Language code of text/sound track or separate title | spa |
| 082 04 - DEWEY DECIMAL CLASSIFICATION NUMBER | |
| Classification number | A-N |
| Item number | C673e |
| 100 1# - MAIN ENTRY--PERSONAL NAME | |
| Personal name | Coetzee, John Maxwell, |
| Dates associated with a name | 1940, |
| Relator term | autor |
| 9 (RLIN) | 9919 |
| 245 #0 - TITLE STATEMENT | |
| Title | Esperando a los bárbaros / |
| Remainder of title | J. M. Coetzee ; traducción Concha Manella, Luis Martínez Victorio |
| 250 ## - EDITION STATEMENT | |
| Edition statement | Primera edición |
| 260 ## - PUBLICATION, DISTRIBUTION, ETC. | |
| Place of publication, distribution, etc. | España : |
| Name of publisher, distributor, etc. | Debolsillo, |
| Date of publication, distribution, etc. | 2010. |
| 300 ## - PHYSICAL DESCRIPTION | |
| Extent | 223 páginas ; |
| Dimensions | 19 cm. |
| 490 0# - SERIES STATEMENT | |
| Series statement | Contemporánea ; 342 |
| 500 ## - GENERAL NOTE | |
| General note | Premio Nobel de Literatura. |
| 520 ## - SUMMARY, ETC. | |
| Summary, etc. | Un día el imperio decidió que los bárbaros eran una amenaza a su integridad. Primero llegaron al pueblo fronterizo policías, que detuvieron sobre todo a quienes no eran básrbaros pero sí diferentes. Torturaron y asesinaron. |
| 534 ## - ORIGINAL VERSION NOTE | |
| Introductory phrase | Waiting for the Barbarians |
| 546 ## - LANGUAGE NOTE | |
| Language note | traducido del Inglés |
| 650 04 - SUBJECT ADDED ENTRY--TOPICAL TERM | |
| Topical term or geographic name entry element | Novela sudafricana |
| 9 (RLIN) | 9920 |
| 700 ## - ADDED ENTRY--PERSONAL NAME | |
| Personal name | Manella, Concha, |
| Relator term | traductora |
| 9 (RLIN) | 9921 |
| 700 ## - ADDED ENTRY--PERSONAL NAME | |
| Personal name | Martínez Victorio, Luis, |
| Relator term | traductor |
| 9 (RLIN) | 9922 |
| 942 ## - ADDED ENTRY ELEMENTS (KOHA) | |
| Source of classification or shelving scheme | Dewey Decimal Classification |
| Koha item type | Books |
| Withdrawn status | Lost status | Source of classification or shelving scheme | Damaged status | Not for loan | Collection code | Home library | Current library | Date acquired | Source of acquisition | Total Checkouts | Full call number | Barcode | Date last seen | Date last checked out | Copy number | Koha item type |
|---|---|---|---|---|---|---|---|---|---|---|---|---|---|---|---|---|
| Dewey Decimal Classification | Fiction | Biblioteca Pública José María del Castillo y Rada | Biblioteca Pública José María del Castillo y Rada | 11/28/2019 | Donación | 1 | A-N COEe | 201808841 | 09/13/2022 | 09/02/2022 | Ej.1 | Books |